| 000 | 00543nam a22002057a 4500 | ||
|---|---|---|---|
| 999 |
_c6322 _d6322 |
||
| 003 | OSt | ||
| 005 | 20190918122810.0 | ||
| 008 | 190918b ||||| |||| 00| 0 eng d | ||
| 020 | _a0534385141 | ||
| 040 | _cDDC. | ||
| 082 | _a515.5BLA 2002. | ||
| 100 |
_aBlanchard,Paul;Devaney,Robert,L;Hall,R.Glen; _912946 |
||
| 245 | _aDifferential Equations. | ||
| 250 | _a2nd ed. | ||
| 260 |
_aAustraria. _bBrooks/Cole; _c2002. |
||
| 300 |
_axx,786p; _bcol,ill, _c25cm. |
||
| 504 | _aincludes index. | ||
| 650 |
_aPhysics. _9809 |
||
| 942 |
_2ddc _cO_SHELF |
||